MARC

LEADER 00000nam0a2200000 4500
001 271831
005 20231101234456.0
035 |a (RuTPU)RU\TPU\book\295034 
090 |a 271831 
100 |a 20141013d1987 k y0rusy50 ca 
101 1 |a rus  |c slx 
102 |a RU 
105 |a y z 001zy 
200 1 |a Социально-экономическая география  |e пер. со словац.  |f К. Иваничка 
210 |a Москва  |c Прогресс  |d 1987 
215 |a 387 с. 
320 |a Библиогр.: с. 375-387 
606 1 |a География социально-экономическая  |2 stltpush  |3 (RuTPU)RU\TPU\subj\5936  |9 33918 
610 1 |a развитие 
610 1 |a сельское хозяйство 
610 1 |a промышленность 
610 1 |a транспорт 
610 1 |a инфраструктура 
610 1 |a экономико-географические районы 
675 |a 911.3  |v 3 
700 1 |a Иваничка  |b К.  |g Коломан 
801 1 |a RU  |b 63413507  |c 20141013 
801 2 |a RU  |b 63413507  |c 20161212  |g RCR 
942 |c BK